000 00387nam a2200169 4500
003 OSt
008 251110b |||||||| |||| 00| 0 eng d
020 _a9789356995376
082 _a823.92
_bCHF
100 _aCHAUHAN, Anuja
245 _aThe Fast and The Dead
250 _a1st ed.
260 _aNoida
_bHarper Collins
_c2023
300 _a411
650 _aGeneral
942 _2ddc
_cBK
999 _c13763
_d13763